Classifica Marcatori Ajax All-Time - Statistics

Statistiche generali
  • Questo quiz è stato fatto 18 volte
  • Il punteggio medio è 4 su 10
Statistiche sulle risposte
Gol Nazione Calciatore % Corretto
236 Paesi Bassi Johan Cruyff
88%
111 Uruguay Luis Suárez
81%
152 Paesi Bassi Marco van Basten
75%
133 Finlandia Jari Litmanen
63%
159 Paesi Bassi Klaas-Jan Huntelaar
63%
122 Paesi Bassi Dennis Bergkamp
25%
115 Paesi Bassi Henk Groot
0%
125 Paesi Bassi Piet Keizer
0%
153 Paesi Bassi Ruud Geels
0%
164 Paesi Bassi Sjaak Swart
0%
Nessun quiz corrispondente trovato
Distribuzione punteggi
Percentuale di utenti per punteggio
Percentile per numero di risposta
I tuoi punteggi nel tempo
Non hai fatto questo quiz